000 00721pam a2200229 a 4500
003 OSt
005 20260206101958.0
008 811008s1982 ctu b 001 0 eng
020 _a0300025432
040 _aKABLIB
_cKABLIB
_beng
_erda
082 0 0 _a321.8
_223
_bDAH
100 1 _aDahl, Robert A.,
_915490
245 1 0 _aDilemmas of pluralist democracy :
_bautonomy vs. control /
_cRobert A. Dahl.
260 _aNew Haven :
_bYale University Press,
_cc1982.
300 _axi, 229 p. ;
_c22 cm.
504 _aIncludes index, Bibliography: p. 211-217.
650 0 _aDemocracy.
650 0 _aCultural pluralism.
650 0 _aAssociations, institutions, etc.
_915491
650 0 _aPublic interest.
_915492
942 _2ddc
_cBOOK
999 _c6096
_d6096